| 000 | 00493nam a22001817a 4500 | ||
|---|---|---|---|
| 005 | 20251108164331.0 | ||
| 008 | 250721s1996 xx 000 0 ara d | ||
| 082 | 1 | 4 | _a391.09/نصر |
| 100 | 1 | _aنصر، ثريا سيد | |
| 245 | 1 | 0 | _aتاريخ الأزياء / |
| 264 | 1 |
_aالقاهرة : _bعالم الكتب، _c1996. |
|
| 300 | _a352ص | ||
| 650 | 1 | 7 | _aالأزياء |
| 650 | 1 | 7 | _aالملابس |
| 700 | 1 | _aطاحون، زينات أحمد | |
| 942 |
_2ddc _cBK |
||
| 999 |
_c9592 _d9592 |
||